| 000 | 01232nam a22002537a 4500 | ||
|---|---|---|---|
| 001 | 7564 | ||
| 003 | FISKH | ||
| 005 | 20250724102331.0 | ||
| 008 | 250724b cb ||||| |||| 00| 0 eng d | ||
| 020 | _a9781423107729 | ||
| 040 |
_aFISKH _beng _cFISKH _dFISKH |
||
| 050 | _aPZ7.B38632 F | ||
| 082 | _a 813.6 | ||
| 100 | _aBeechwood, beth | ||
| 245 |
_aHannah Montana : _bFace the music / _cAdapted by beth Beechwood ; Based on the series created by Michael Poryes and Rich Correl & Barry O'Brien ; Part one is based on the episode, "Smell Like Teen Sellout," Written by Heather Wordham ; Part Two is based on the episode, "We Are Family-Now Get Me Some Water!," ; Wriiten by Jay J.Demopoulos & Andrew Green |
||
| 250 | _aThis edition first published in 2007 | ||
| 260 |
_aNew York : _bDisney Press, _c2007 |
||
| 300 |
_a118 pages : _billustrations ; _c20 cm |
||
| 520 | _aWhen Hannah Montana, a.k.a. Miley Stewart, decides to be a spokesperson for a new perfume, she quickly realizes that she is allergic to it, and then she hires her brother Jackson as her new assistant after accidentally getting him fired. | ||
| 650 |
_2 Hannah Montana _aChildren |
||
| 650 |
_2Chapter book _aGrade 4 |
||
| 942 |
_2ddc _cBK _n0 |
||
| 999 |
_c7564 _d7564 |
||